Geography Quiz

Random Geography or City Quiz

Cities in Snow Quiz Stats

Quiz Updated Dec 25, 2015

Challenge
Share
Tweet
Score 0/20 Timer 04:00
7 Plays Today
City % Correct
Paris
98.4%
London
96.4%
Rome
96.2%
Washington, DC
94.6%
New York
94.2%
Moscow
92.4%
Tokyo
90.6%
Athens
88.3%
Seattle
87%
Chicago
77.4%
City % Correct
St. Louis
76.8%
Berlin
72.8%
San Francisco
72.1%
Toronto
70.2%
Shanghai
57%
Buffalo
48.5%
Seoul
36%
Prague
35%
Dallas
22.2%
Frankfurt
9%

You're not logged in!

Compare scores with friends on all Sporcle quizzes.
Join for Free
OR
Log In

You Might Also Like...

Show Comments

Extras

Top Quizzes Today


Score Distribution

Your Account Isn't Verified!

In order to create a playlist on Sporcle, you need to verify the email address you used during registration. Go to your Sporcle Settings to finish the process.

Report this User

Report this user for behavior that violates our Community Guidelines.

Details: